Statistics for Numbers in Pictures - TEENS

Click here to take the quiz!

General Stats

  • This quiz has been taken 21 times
  • The average score is 6 of 15

Answer Stats

Answer% Correct
{Covid} Nineteen
80%
{Apollo} Thirteen
75%
Nineteenth {Hole}
75%
{Fear} of Thirteen
70%
Eighteen {Wheeler}
65%
Thirteen {Colonies}
50%
Eighteen Hole {Course}
45%
Fifteen {Minutes} of {Fame}
45%
Sixteen {mm}
40%
Eighteen {Yard} {Box}
25%
{Sweet} {Little} Sixteen
25%
{At} Seventeen
20%
{Plus} Fifteen
5%
Fifteen {Puzzle}
0%
Fourteen {Holy} {Helpers}
0%

Score Distribution

Percentile by Number Answered

Percent of People with Each Score

Your Score History

You have not taken this quiz